| 000 | 01243cab a2200217 4500 | ||
|---|---|---|---|
| 001 | ABS42375 | ||
| 008 | 090401t1990 xxu||||| |||| 00| 0 eng d | ||
| 035 | _a(Sirsi) u36429 | ||
| 041 | _aeng | ||
| 245 | _aPlessey Co plc v Eagle Pension Funds | ||
| 260 | _c1990 | ||
| 350 | _a0 | ||
| 490 |
_aRating & Valuation Reporter _v1990 RVR 29-31(3) |
||
| 520 | _aLT 17 October 1989. Appeal under Landlord and Tenant Act 1954 s37 from the VO`s decision concerning the rateable value (rv) of part of a building to ascertain compensation for disturbance . The VO set the sum at £17, an apportionment of £60 for the whole building entitling the appellants (P) to £51 (£17x3). P however claimed that the sum should be £21,097 (ie £63,291 compensation) on the grounds that that figure was the rv previous to a fire which had been the cause of the disturbance for which compensation was payable. It was held that the rv should be that on the day on which compensation was claimed 18 January 1985 and therefore stood at £17. | ||
| 650 | _aAPPROPRIATE MULTIPLER | ||
| 650 | _aLANDLORD AND TENANT ACT 1954 S37 | ||
| 650 | _aSECTION 25 NOTICES | ||
| 690 | _aLANDLORD AND TENANT-CASE LAW-BUSINESS TENANCIES | ||
| 942 | _n0 | ||
| 948 | _c04/03/1997 | ||
| 999 |
_c23662 _d23662 |
||